Statistics for Victoria Line London Underground (Any Order)

Click here to take the quiz!

General Stats

  • This quiz has been taken 1,574 times
    (1,571 since last reset)
  • The average score is 14 of 16

Answer Stats

HintAnswer% Correct
12Victoria
95%
16Brixton
93%
13Pimlico
90%
11Green Park
89%
7King's Cross St. Pancras
89%
10Oxford Circus
89%
14Vauxhall
89%
8Euston
87%
1Walthamstow Central
87%
4Seven Sisters
83%
15Stockwell
81%
5Finsbury Park
80%
9Warren Street
80%
6Highbury & Islington
79%
2Blackhorse Road
72%
3Tottenham Hale
72%

Score Distribution

Percentile by Number Answered

Percent of People with Each Score

Your Score History

You have not taken this quiz since the last reset